[Event "IRI-ch Online"]
[Site "Chess.com INT"]
[Date "2021.03.17"]
[Round "6"]
[White "Alibabaei, Sasan"]
[Black "Hakemi, Arman"]
[Result "1-0"]
[WhiteElo "2039"]
[BlackElo "2316"]
[PlyCount "119"]
[EventDate "2021.03.15"]
[EventType "swiss (rapid)"]
[EventRounds "11"]
[EventCountry "IRI"]
[SourceTitle "CBM 201 Extra"]
[Source "ChessBase"]
[SourceDate "2021.05.31"]
[SourceVersion "1"]
[SourceVersionDate "2021.05.31"]
[SourceQuality "1"]

1. e4 e5 2. Nc3 Nf6 3. f4 d5 4. fxe5 Nxe4 5. Qf3 Nxc3 6. dxc3 Be7 7. Bf4 Be6 8. 0-0-0 c6 9. Qg3 g6 10. Nf3 Qa5 11. Bg5 Bxg5+ 12. Nxg5 Nd7 13. Nxe6 fxe6 14. Kb1 0-0-0 15. Be2 Qc7 16. Bg4 Nxe5 17. Rde1 Nc4 18. Rxe6 Kb8 19. Qxc7+ Kxc7 20. Re7+ Kb6 21. b3 Nd6 22. Rf1 h5 23. Be2 Ne4 24. Kc1 Rhf8 25. c4 Nc3 26. Rxf8 Rxf8 27. cxd5 Nxd5 28. Re5 Rf2 29. Bf3 Nf4 30. Rg5 Kc7 31. Kd1 Kd6 32. Be4 Ke6 33. h4 Rf1+ 34. Kd2 Kf6 35. g3 Ne6 36. Rxg6+ Ke5 37. Bd3 Rf2+ 38. Ke3 Rg2 39. Kf3 Rh2 40. Rh6 Nd4+ 41. Ke3 Nxc2+ 42. Bxc2 Rxc2 43. Rxh5+ Kf6 44. Rh7 Rxa2 45. Rxb7 Rb2 46. Kf4 Rf2+ 47. Kg4 Rb2 48. h5 c5 49. h6 Kg6 50. h7 Rh2 51. Rxa7 Rh1 52. Rc7 Rh2 53. Kf4 Rh3 54. Ke5 Rh5+ 55. Kd6 Rh3 56. Kxc5 Rh1 57. b4 Rc1+ 58. Kb6 Rb1 59. h8Q Rxb4+ 60. Kc5 1-0

[Event "IRI-ch Online"]
[Site "Chess.com INT"]
[Date "2021.03.17"]
[Round "5"]
[White "Samimi, Armin"]
[Black "Alibabaei, Sasan"]
[Result "0-1"]
[WhiteElo "1517"]
[BlackElo "2039"]
[PlyCount "74"]
[EventDate "2021.03.15"]
[EventType "swiss (rapid)"]
[EventRounds "11"]
[EventCountry "IRI"]
[SourceTitle "CBM 201 Extra"]
[Source "ChessBase"]
[SourceDate "2021.05.31"]
[SourceVersion "1"]
[SourceVersionDate "2021.05.31"]
[SourceQuality "1"]

1. e4 e5 2. Nf3 Nc6 3. Bc4 Bc5 4. c3 Nf6 5. d3 d6 6. Nbd2 0-0 7. h3 Bb6 8. Nf1 Be6 9. Bb3 d5 10. Qe2 Re8 11. Ng3 Qd6 12. Bg5 Nd7 13. 0-0 d4 14. Bxe6 fxe6 15. c4 a5 16. Nh2 Rf8 17. Ng4 Rf7 18. Nh5 Raf8 19. Qd2 Ne7 20. Ng3 Ng6 21. h4 Nf4 22. h5 h6 23. Bh4 Kh7 24. f3 c6 25. Nf2 g5 26. hxg6+ Nxg6 27. Bg5 hxg5 28. Qxg5 Bd8 29. Qd2 Nf4 30. Ng4 Bg5 31. Qc2 Nf6 32. Nxf6+ Rxf6 33. Kf2 Kg7 34. Rh1 Rh6 35. Qd1 Rfh8 36. Rxh6 Rxh6 37. Qc2 Rh2 0-1

[Event "IRI-ch Online"]
[Site "Chess.com INT"]
[Date "2021.03.17"]
[Round "7"]
[White "Veisi, Bardia"]
[Black "Alibabaei, Sasan"]
[Result "0-1"]
[WhiteElo "2273"]
[BlackElo "2039"]
[PlyCount "94"]
[EventDate "2021.03.15"]
[EventType "swiss (rapid)"]
[EventRounds "11"]
[EventCountry "IRI"]
[SourceTitle "CBM 201 Extra"]
[Source "ChessBase"]
[SourceDate "2021.05.31"]
[SourceVersion "1"]
[SourceVersionDate "2021.05.31"]
[SourceQuality "1"]

1. d4 Nf6 2. c4 e6 3. g3 d5 4. Bg2 Be7 5. Nf3 0-0 6. 0-0 dxc4 7. Qc2 a6 8. Qxc4 b5 9. Qc2 Bb7 10. Bd2 Bd6 11. Rd1 Qe7 12. b4 Nbd7 13. a3 Be4 14. Qc1 Nd5 15. Be1 N7b6 16. Nbd2 f5 17. e3 Bd3 18. Nb3 Be4 19. Nc5 Bxc5 20. dxc5 Nc4 21. Bc3 Rad8 22. a4 e5 23. axb5 axb5 24. h4 Qf6 25. Ne1 Bxg2 26. Nxg2 Qe6 27. Qc2 Rf7 28. e4 fxe4 29. Qxe4 Rfd7 30. Be1 Nf6 31. Qe2 Rd5 32. Rdc1 h6 33. Ra7 Qc6 34. Rca1 Kh7 35. R7a6 Qd7 36. Rc1 Rd1 37. Raa1 Rxc1 38. Rxc1 Qd3 39. Qa2 Ne4 40. Qa6 Ned2 41. Bxd2 Nxd2 42. Ne1 Qf1+ 43. Kh2 Rf8 44. f3 Qf2+ 45. Kh3 Nxf3 46. Nxf3 Rxf3 47. Rg1 Qxg1 0-1

[Event "IRI-ch Online"]
[Site "Chess.com INT"]
[Date "2021.03.16"]
[Round "2"]
[White "Alibabaei, Sasan"]
[Black "Gholami Orimi, Mahdi"]
[Result "0-1"]
[WhiteElo "2039"]
[BlackElo "2428"]
[PlyCount "186"]
[EventDate "2021.03.15"]
[EventType "swiss (rapid)"]
[EventRounds "11"]
[EventCountry "IRI"]
[SourceTitle "CBM 201 Extra"]
[Source "ChessBase"]
[SourceDate "2021.05.31"]
[SourceVersion "1"]
[SourceVersionDate "2021.05.31"]
[SourceQuality "1"]

1. e4 e5 2. Nc3 Nf6 3. f4 d5 4. fxe5 Nxe4 5. Qf3 Nxc3 6. dxc3 Be6 7. Qg3 c5 8. Nf3 Nc6 9. Bb5 Qb6 10. Bxc6+ Qxc6 11. 0-0 h6 12. Be3 g5 13. Kh1 Be7 14. a3 0-0-0 15. b4 g4 16. Nh4 d4 17. cxd4 cxd4 18. Bg1 Bxh4 19. Qxh4 g3 20. Bxd4 Rhg8 21. Rf4 gxh2 22. Qxh2 Rxg2 23. Qxg2 Bd5 24. Rg1 Rg8 25. Rf2 Bxg2+ 26. Rgxg2 Qe4 27. c3 Rg4 28. Kg1 a6 29. Rxg4 Qxg4+ 30. Rg2 Qd1+ 31. Kh2 Kd7 32. Rf2 Qh5+ 33. Kg2 Kc6 34. Rf4 Kd5 35. Kg3 Qg6+ 36. Rg4 Qd3+ 37. Kh4 Qf5 38. Kg3 h5 39. Rf4 Qg5+ 40. Kf3 h4 41. Bf2 h3 42. Bg3 Qh5+ 43. Ke3 Kc6 44. Rh4 Qg5+ 45. Kf3 Qf5+ 46. Rf4 Qd3+ 47. Kg4 Qd7+ 48. Kh4 Kb5 49. Rg4 Ka4 50. Kxh3 Kxa3 51. Bf2 Qf5 52. Bd4 Kb3 53. Kg3 Qd3+ 54. Kh4 Qf5 55. Kg3 Kc2 56. Rf4 Qg6+ 57. Rg4 Qe6 58. Rf4 Qg6+ 59. Rg4 Qh6 60. Rh4 Qg7+ 61. Kf3 Kd3 62. Rg4 Qh7 63. Kg3 Qh6 64. Rh4 Qc1 65. Kg4 Kc4 66. Kf5 Qc2+ 67. Kf4 Kb5 68. Rg4 b6 69. Rg5 Kc6 70. Rf5 a5 71. Rf6+ Kd5 72. Rd6+ Kc4 73. Rc6+ Kb3 74. bxa5 bxa5 75. Rb6+ Kc4 76. Rc6+ Kd3 77. Kg5 a4 78. Kf6 Qb3 79. Rb6 Qd5 80. Rd6 Qf3+ 81. Ke7 Kc2 82. Rf6 Qb7+ 83. Kf8 a3 84. Rxf7 Qa8+ 85. Kg7 a2 86. c4 Qe4 87. Ba1 Qg2+ 88. Kf8 Qg1 89. e6 Qxa1 90. Rf2+ Kb3 91. Rf3+ Kxc4 92. e7 Qh8+ 93. Kf7 a1Q 0-1

[Event "Asia-ch Universities"]
[Site "Chess.com INT"]
[Date "2020.12.29"]
[Round "7"]
[White "Alibabaei, Sasan"]
[Black "Krachangpun, Nathat"]
[Result "1-0"]
[WhiteElo "2039"]
[BlackElo "1769"]
[PlyCount "39"]
[EventDate "2020.12.27"]
[EventType "swiss"]
[EventRounds "9"]
[EventCountry "IRI"]
[SourceTitle "CBM 200 Extra"]
[Source "ChessBase"]
[SourceDate "2021.03.31"]
[SourceVersion "1"]
[SourceVersionDate "2021.03.31"]
[SourceQuality "1"]

1. e4 c5 2. Nf3 Nc6 3. d4 cxd4 4. Nxd4 Nf6 5. Nc3 g6 6. Be3 Bg7 7. f3 0-0 8. Bc4 e6 9. Qd2 d5 10. exd5 exd5 11. Bb3 Re8 12. 0-0-0 Be6 13. h4 h5 14. Kb1 a6 15. g4 hxg4 16. h5 Nxd4 17. Bxd4 gxh5 18. Qg5 Rf8 19. f4 Qd7 20. Bxf6 1-0

[Event "Asia-ch Universities"]
[Site "Chess.com INT"]
[Date "2020.12.28"]
[Round "4"]
[White "Muthaiah, Al"]
[Black "Alibabaei, Sasan"]
[Result "1-0"]
[WhiteElo "2400"]
[BlackElo "2039"]
[PlyCount "101"]
[EventDate "2020.12.27"]
[EventType "swiss"]
[EventRounds "9"]
[EventCountry "IRI"]
[SourceTitle "CBM 200 Extra"]
[Source "ChessBase"]
[SourceDate "2021.03.31"]
[SourceVersion "1"]
[SourceVersionDate "2021.03.31"]
[SourceQuality "1"]

1. c4 Nf6 2. Nc3 e6 3. e4 d5 4. e5 d4 5. exf6 dxc3 6. bxc3 Qxf6 7. d4 c5 8. Nf3 h6 9. Bd3 cxd4 10. cxd4 Bb4+ 11. Bd2 Bxd2+ 12. Qxd2 Nc6 13. Be4 Bd7 14. 0-0 0-0 15. Rfe1 Rad8 16. Rad1 b6 17. h3 Rfe8 18. Bc2 Bc8 19. Ba4 Bb7 20. Qe3 Re7 21. Ne5 Rc7 22. Ng4 Qg5 23. Qxg5 hxg5 24. d5 Na5 25. dxe6 Rxd1 26. exf7+ Kxf7 27. Rxd1 Nxc4 28. Rc1 Bd5 29. Bb5 Ke6 30. Ne3 Nxe3 31. Rxc7 Nxg2 32. Rxa7 Nf4 33. Kh2 g6 34. a4 Kd6 35. Kg3 Be6 36. Rh7 Nh5+ 37. Kh2 Nf4 38. h4 gxh4 39. Rxh4 g5 40. Rh6 Kc5 41. Kg3 Kd4 42. Rh8 Kc5 43. Re8 Nh5+ 44. Kf3 Bd5+ 45. Ke3 Nf6 46. Rc8+ Kb4 47. Kd4 Bb3 48. Rc6 Ng4 49. Rxb6 Bxa4 50. Bxa4+ Kxa4 51. f3 1-0

[Event "Asia-ch Universities"]
[Site "Chess.com INT"]
[Date "2020.12.28"]
[Round "6"]
[White "Priasmoro, Novendra"]
[Black "Alibabaei, Sasan"]
[Result "1-0"]
[WhiteElo "2502"]
[BlackElo "2039"]
[PlyCount "63"]
[EventDate "2020.12.27"]
[EventType "swiss"]
[EventRounds "9"]
[EventCountry "IRI"]
[SourceTitle "CBM 200 Extra"]
[Source "ChessBase"]
[SourceDate "2021.03.31"]
[SourceVersion "1"]
[SourceVersionDate "2021.03.31"]
[SourceQuality "1"]

1. e4 e5 2. Nf3 Nc6 3. Bb5 a6 4. Ba4 Nf6 5. 0-0 b5 6. Bb3 Bc5 7. c3 d6 8. a4 Bb7 9. d4 Bb6 10. Re1 0-0 11. Be3 Re8 12. Nbd2 h6 13. axb5 axb5 14. Rxa8 Qxa8 15. d5 Bxe3 16. dxc6 Bxf2+ 17. Kxf2 Bxc6 18. Qe2 Qa7+ 19. Kf1 b4 20. Bxf7+ Kxf7 21. Qc4+ Kf8 22. Qxc6 Ng4 23. Re2 Ne3+ 24. Ke1 Nc2+ 25. Kd1 Ne3+ 26. Kc1 Rb8 27. c4 Rb6 28. Qd7 Ra6 29. Rf2 Kg8 30. Qe8+ Kh7 31. Ng5+ hxg5 32. Rf8 1-0

[Event "Asia-ch Universities"]
[Site "Chess.com INT"]
[Date "2020.12.27"]
[Round "2"]
[White "Garidmagnai, Byambasuren"]
[Black "Alibabaei, Sasan"]
[Result "1-0"]
[WhiteElo "2369"]
[BlackElo "2039"]
[PlyCount "186"]
[EventDate "2020.12.27"]
[EventType "swiss"]
[EventRounds "9"]
[EventCountry "IRI"]
[SourceTitle "CBM 200 Extra"]
[Source "ChessBase"]
[SourceDate "2021.03.31"]
[SourceVersion "1"]
[SourceVersionDate "2021.03.31"]
[SourceQuality "1"]

1. Nf3 Nf6 2. b3 e6 3. Bb2 b6 4. g3 Bb7 5. Bg2 Be7 6. 0-0 0-0 7. d3 c5 8. e4 d6 9. Nbd2 Nfd7 10. Qe2 Bf6 11. c3 Re8 12. h4 Nc6 13. Nh2 g6 14. f4 Bg7 15. h5 b5 16. Ndf3 a5 17. c4 Nd4 18. Nxd4 cxd4 19. cxb5 a4 20. Nf3 Qb6 21. Qf2 Qxb5 22. Bxd4 axb3 23. Bxg7 Kxg7 24. Qb2+ f6 25. Rfd1 Qb6+ 26. Kh2 bxa2 27. Rxa2 Rxa2 28. Qxa2 gxh5 29. Rb1 Qa6 30. Qb2 Bc6 31. Nd4 Nc5 32. Nxc6 Qxc6 33. e5 d5 34. exf6+ Kg6 35. Qe5 Rg8 36. Rc1 Qb6 37. Bf3 Nd7 38. Qg5+ Kf7 39. Bxh5+ Rg6 40. Bxg6+ hxg6 41. Rc2 Nxf6 42. Kg2 Nd7 43. Qh4 Nf6 44. Qh8 d4 45. Qc8 Nd5 46. Kf3 Qb3 47. Qc4 Qb1 48. Rc1 Qb7 49. Qxd4 Nf6+ 50. Ke2 Qg2+ 51. Qf2 Qb7 52. Rc2 Nd5 53. Qc5 Qb1 54. Qa7+ Kf6 55. Qd4+ Kf7 56. Rb2 Qh1 57. Rb7+ Ne7 58. Qb4 Qg2+ 59. Kd1 Qf3+ 60. Kc2 Qe2+ 61. Kc1 Qe3+ 62. Kb2 Qe2+ 63. Kc3 Qe1+ 64. Kc4 Qc1+ 65. Kb5 Qc6+ 66. Ka5 Qd5+ 67. Kb6 Qd8+ 68. Ka7 Ke8 69. Qb5+ Kf8 70. Rb8 Nc8+ 71. Kb7 Nd6+ 72. Kc6 Nc8 73. Kb7 Nd6+ 74. Ka6 Nxb5 75. Rxd8+ Ke7 76. Rg8 Nc7+ 77. Kb7 Nd5 78. Rxg6 Nb4 79. d4 Nc2 80. d5 exd5 81. Kc6 d4 82. Kc5 d3 83. Rd6 Ne1 84. Kc6 Nc2 85. Kc5 Ne1 86. f5 Kf7 87. g4 Kg7 88. Kc4 Nf3 89. Rxd3 Ne5+ 90. Kd4 Kf6 91. Rg3 Nf7 92. Kd5 Ng5 93. Re3 Nh3 1-0

[Event "Tehran Universities-ch"]
[Site "Tehran"]
[Date "2020.12.01"]
[Round "6"]
[White "Molaei, Mohammadamin"]
[Black "Alibabaei, Sasan"]
[Result "0-1"]
[WhiteElo "2158"]
[BlackElo "2042"]
[PlyCount "88"]
[EventDate "2020.11.30"]
[EventType "swiss (rapid)"]
[EventRounds "7"]
[EventCountry "IRI"]
[SourceTitle "CBM 199 Extra"]
[Source "ChessBase"]
[SourceDate "2021.01.31"]
[SourceVersion "1"]
[SourceVersionDate "2021.01.31"]
[SourceQuality "1"]

1. d4 Nf6 2. c4 e6 3. g3 d5 4. Nf3 Be7 5. Bg2 0-0 6. 0-0 dxc4 7. Qc2 a6 8. a4 Bd7 9. Qxc4 Bc6 10. Bf4 Bd6 11. Qc1 Nbd7 12. Nc3 Ne4 13. a5 Ndf6 14. Rd1 Nd5 15. Bxd6 Ndxc3 16. bxc3 cxd6 17. c4 Rc8 18. Qf4 Qf6 19. Qe3 Rfe8 20. h4 h6 21. Nh2 Qg6 22. Ra3 Nf6 23. Nf3 Ng4 24. Qb3 Be4 25. Rc1 Re7 26. Nd2 Bxg2 27. Kxg2 Qf6 28. Qf3 Qxf3+ 29. Kxf3 Nf6 30. Rb1 e5 31. e3 Kf8 32. Rab3 Rcc7 33. Rb6 Red7 34. g4 Ke7 35. g5 hxg5 36. hxg5 Nh7 37. Kg4 g6 38. f4 f5+ 39. gxf6+ Nxf6+ 40. Kg5 exd4 41. exd4 Kf7 42. c5 Nh7+ 43. Kh6 Nf8 44. Nc4 Kf6 0-1

[Event "Tehran Universities-ch"]
[Site "Tehran"]
[Date "2020.11.30"]
[Round "1"]
[White "Veisi, Bardia"]
[Black "Alibabaei, Sasan"]
[Result "1-0"]
[WhiteElo "2273"]
[BlackElo "2042"]
[PlyCount "99"]
[EventDate "2020.11.30"]
[EventType "swiss (rapid)"]
[EventRounds "7"]
[EventCountry "IRI"]
[SourceTitle "CBM 199 Extra"]
[Source "ChessBase"]
[SourceDate "2021.01.31"]
[SourceVersion "1"]
[SourceVersionDate "2021.01.31"]
[SourceQuality "1"]

1. d4 Nf6 2. c4 e6 3. g3 Bb4+ 4. Bd2 Qe7 5. Bg2 0-0 6. Nc3 d6 7. e3 Re8 8. Nge2 c5 9. 0-0 Nc6 10. a3 Bxc3 11. Bxc3 cxd4 12. Nxd4 Nxd4 13. Qxd4 e5 14. Qd3 Be6 15. Rfd1 Red8 16. Bb4 Ne8 17. a4 a5 18. Ba3 Rd7 19. h3 Rad8 20. Rd2 f5 21. Rad1 e4 22. Qc3 Qf7 23. b3 b6 24. Qd4 d5 25. Qxb6 dxc4 26. Rxd7 Rxd7 27. Rxd7 Qxd7 28. bxc4 Bxc4 29. Qc5 Qf7 30. Qxa5 h5 31. Qe5 Qd7 32. a5 Nf6 33. Bb2 Kf7 34. Bd4 Kg6 35. Qc5 Qa4 36. Kh2 Qa2 37. Bxf6 gxf6 38. g4 hxg4 39. hxg4 Qxf2 40. gxf5+ Kg5 41. Qxc4 Qh4+ 42. Kg1 Qe1+ 43. Qf1 Qxe3+ 44. Kh1 Qa3 45. a6 e3 46. Be4 Qa4 47. Bd3 Qh4+ 48. Kg1 Qa4 49. Qg2+ Kh4 50. Qe4+ 1-0

[Event "IRI-chT S2 17th"]
[Site "Tehran"]
[Date "2019.04.16"]
[Round "3.2"]
[White "Alibabaei, Sasan"]
[Black "Aghaei, Alireza"]
[Result "1/2-1/2"]
[WhiteElo "1976"]
[BlackElo "2193"]
[PlyCount "43"]
[EventDate "2019.04.15"]
[EventType "team-swiss"]
[EventRounds "7"]
[EventCountry "IRI"]
[SourceTitle "CBM 189 Extra"]
[Source "ChessBase"]
[SourceDate "2019.06.03"]
[SourceVersion "1"]
[SourceVersionDate "2019.06.03"]
[SourceQuality "1"]
[WhiteTeam "Hamedan Heyat Shatranj"]
[BlackTeam "Esfahan Zob Ahan"]
[WhiteTeamCountry "IRI"]
[BlackTeamCountry "IRI"]

1. e4 e6 2. d4 d5 3. exd5 exd5 4. Bd3 c5 5. dxc5 Bxc5 6. Nf3 Nf6 7. 0-0 0-0 8. h3 Nc6 9. a3 Ne4 10. Nc3 Bf5 11. Bxe4 Bxe4 12. Ng5 Bg6 13. Qxd5 Qxd5 14. Nxd5 Bxc2 15. Be3 Bxe3 16. Nxe3 Bg6 17. Rfd1 Rfd8 18. Nf3 Be4 19. Nd2 Bg6 20. Nf3 Be4 21. Nd2 Bg6 22. Nf3 1/2-1/2